LDR 00871naa#a2200193#i#450# 001 EN\\bibl\120013 005 20260517010938.7 011 ## _a2500-4026 100 ## _a20210331b2021####ek#y0engy0150####ca 101 0# _aRUS 102 ## _aRU 200 1# _aApplication of nonlinear dynamics methods for detecting radio signals with frequency-hopping spread spectrum used in communication channels of unmanned aerial vehicles _eJournal article 210 1# _aZheleznogorsk _cFSBEE HE Siberian Fire and Rescue Academy EMERCOM of Russia _d2021 215 ## _a6 с. 608 ## _aJournal article _2local 675 ## _aНесчастные случаи, их опасность, профилактика и борьба с ними. 614.8 _aАппаратура и методы радиосвязи. 621.396 _zRUS 700 #1 _aGavrishev _gA A 700 #1 _aOsipov _gD L 856 4# _avestnik-sibpsa.editorum.ru _u